000 00469nam a22001577a 4500
005 20141017170828.0
010 _aBAC-EN21
020 _a9781107444348
037 _adpl
_bCambridge University Press
100 _aDam, Shubhankar
245 _aPresidential Legislation in India:
_bthe law and practice of ordinances/
_cby Shubhankar Dam
260 _aDelhi
_bCambridge University Press
_c2014
300 _a259p.
_c22cm(pbk)
942 _2ddc
_cEN
999 _c89427
_d89427